000 00877nam a22003257a 4500
001 BR7314391
003 BR-BrBNA
005 20230928084307.0
007 ta
008 230509b bl.||||| |||| 00| 0 por d
040 _aBR-BrBNA
_bpor
_cBiblioteca Nacional de Agricultura
041 _a(Por)
072 _aE70; L00
_b6100
_b9610
_b/G514
090 _ 6100 BR7314391
110 1 _aBanco do Nordeste do Brasil S.A., Fortaleza, CE. Depto. de Estudos Economicos do Nordeste
_91157
245 1 _aMercado consumidor de aves e ovos em Teresina [Brasil]
260 3 _aFortaleza, CE (Brasil):
_c1972.
300 _a62 p.
650 _aGALINHA
650 _aFRANGO
650 _aOVO
650 _aRACAO
650 _aCONSUMO
650 _aPRECO
650 _aGRANJA
650 _aTERESINA
650 _aPIAUI
909 _a202309
_bLucia
_c55
_dLucia Elande
942 _cBK
999 _c17980
_d17980